LEADER 01047nam a2200253 i 4500 001 000000212280 003 CaOOAMICUS 005 20120403000000.0 008 120403s1883 it u000 u lat u 013 $a191111 040 $aSeMil$bita 100 0 $aLeo XIII,$c.$0(OLS)http://semarc/name/553 245 10$aCarmina /$cPont. Max. Leonis 13. ; collegit atque italice interpretatus est Ieremias Brunellius. 260 $aUdine :$bTipografia del Patronato,$c1883. 300 $aXVIII, 180 p., 1 c. di tav. :$britr. ;$c27 cm. 650 4$aLeone XIII - Poesie.$0(OLS)http://semarc/subject/4493 700 1 $aBrunelli, Geremia.$0(OLS)http://semarc/name/75753 850 $aSeMil 852 $aSeMil$W1$xVenegono$y1$m1X V 85 FA$j162714$B162714$CSeMilBibl$Z2$F173912 $8I 900 0 $aLeone XIII$c. 961 $aRecupero: Altro 996 $6245$aCarmina$9(OLS)http://semarc/title/152247 996 $6260$aUdine :$bTipografia del Patronato$9(OLS)http://semarc/publisher/48938 LEADER 01419nam a2200289 i 4500 001 000000119468 003 CaOOAMICUS 005 20250609145522.0 008 031027s1993 gw u000 u ger u 013 $a92162 020 $a3-7555-9828-1 040 $aSeMil$bita 245 00$aSie wandern von Kraft zu Kraft :$bAufbrüche, Wege, Begegnungen : Festgabe für Bischof Reinhard Lettmann /$cherausgegeben Arnold Angenendt und Herbert Vorgrimler. 260 $aKevelaer :$bVerlag Butzon & Bercker,$c1993. 300 $a375 p., [1] c. di tav. :$bill. ;$c24 cm. 650 4$aTeologia - Miscellanee.$0(OLS)http://semarc/subject/19284 700 1 $aAngenendt, Arnold,$d<1934-2021>.$0(OLS)http://semarc/name/4236 700 1 $aLettmann, Reinhard ,$ededicatario miscellanea.$0(OLS)http://semarc/name/27470 700 1 $aVorgrimler, Herbert,$d<1929-2014>.$0(OLS)http://semarc/name/2576 850 $aSeMil 852 $aSeMil$W1$xVenegono$y1$m2B VI 31$j258092$B74676$CSeMilBibl$Z2$F102205 $81 941 1 $a4 961 $aOmaggio: Martini Card. Carlo Maria 996 $6020$a3-7555-9828-1$9(OLS)http://semarc/number/104337 996 $6245$aSie wandern von Kraft zu Kraft :$bAufbrüche, Wege, Begegnungen : Festgabe für Bischof Reinhard Lettmann$9(OLS)http://semarc/title/175565 996 $6260$aKevelaer :$bVerlag Butzon & Bercker$9(OLS)http://semarc/publisher/45907